Title in the Lyrics -- Songs That Start With J - Statistics

General Stats
  • This quiz has been taken 937 times
  • The average score is 7 of 15
Answer Stats
Lyrics Title % Correct
When I see your face (face, face...) / There's not a thing that I would change / 'Cause you're amazing (amazing) / ____ ___ ___ ___ ___ (are) Just the Way You Are
91%
Jingle bell, jingle bell, ______ ____ ____ / Jingle bells swing and jingle bells ring Jingle Bell Rock
88%
You should've heard those knocked out jailbirds sing / Let's rock, everybody, let's rock / Everybody in the whole cell block / Was dancin' to the _________ ____ Jailhouse Rock
78%
I was thinking 'bout her, thinking 'bout me / Thinking 'bout us, what we gon' be / Open my eyes yeah, it was only ____ _ _____ Just a Dream
68%
___ __ ___ _____ / All the boys and girls, now / Joy to the fishes in the deep blue sea / Joy to you and me Joy to the World
62%
Oh can't you see me standing here / I've got my back against the record machine / I ain't the worst that you've seen / Oh can't you see what I mean? / Might as well ____. ____! / Might as well ____ Jump
62%
____ ____ __ _ ______ / Just a little bit's enough / Just a second we're not broken just bent / And we can learn to love again Just Give Me a Reason
62%
You know I wish that I had ________ ____ / I wish that I had _______ ____ / Where can I find a woman like that? Jessie's Girl
56%
____ _____. Gonna be okay / Da-doo-doo-doo / ____ _____. Spin that record babe / Da-doo-doo-doo Just Dance
41%
Little ditty about ____ ___ _____ / Two American kids growin' up in the heartland Jack and Diane
38%
And be a ____ ___ ____, got stars in his eyes, he's a ____ ___ ____ / He took one guitar, ____ ___ ____, stars in his eyes / ____ ___ ____, (stars in his eyes) he'll come alive tonight Juke Box Hero
19%
We're _______ / To think that _______ was a thing of the past / We're _______ / And I hope this jam is gonna last Jammin'
18%
_____ ____ ___ _____ / Take it from my hands / Cause I can't do this on my own / I'm letting go Jesus Take the Wheel
18%
My my baby blue / Yeah I been thinkin' about you / My my baby blue / Yeah you're so _____ / And I'm the one that _____ you Jaded
8%
______ ____ it's drivin' me mad / It's makin' me crazy / ______ ____ it's drivin' me mad / It's makin' me crazy Jungle Love
8%
No matching quizzes found
Score Distribution
Percent of People with Each Score
Percentile by Number Answered
Your Score History
You have not taken this quiz